Sports aux Jeux Olympiques - Statistiques

Statistiques générales
  • Ce quiz a été pris 807 fois
  • Le résultat moyen est 28 sur 67
Statistiques - réponses
Sports % Correct
Football
95%
Athlétisme
93%
Natation
91%
Basketball
90%
Handball
82%
Judo
82%
Volleyball
82%
Tennis
78%
Rugby à 7
71%
Tennis de table
70%
Tir
69%
Escrime
67%
Karaté
67%
Aviron
66%
Sports équestres
66%
Boxe
65%
Badminton
62%
Biathlon
57%
Tir à l'arc
57%
Lutte
55%
Skateboard
53%
Surf
53%
Triathlon
53%
Patinage artistique
50%
Ski de fond
49%
Voile
49%
Escalade sportive
47%
Hockey sur gazon
46%
Plongeon
46%
Ski alpin
46%
Bobsleigh
45%
Baseball/Softball
43%
Water-polo
43%
Golf
41%
Hockey sur glace
41%
Volleyball de plage
41%
Curling
40%
Cyclisme sur piste
40%
Gymnastique rythmique
39%
Luge
39%
Cyclisme sur route
38%
Haltérophilie
38%
Taekwondo
38%
Patinage de vitesse
37%
Saut a ski
35%
Snowboard
35%
Gymnastique artistique
33%
Pentathlon moderne
32%
Skeleton
28%
Trampoline
19%
Combiné nordique
18%
Ski acrobatique
18%
Basketball 3x3
12%
Natation artistique
12%
Gymnastique acrobatique
10%
Futsal
8%
BMX freestyle
6%
Breaking
6%
Canoë slalom
5%
BMX racing
4%
Canoë sprint
4%
Beach handball
3%
Ski-alpinisme
3%
Natation marathon
2%
Patinage de vitesse sur piste courte
2%
Roller de vitesse
2%
Cyclisme mountain bike
1%
Aucun quiz correspondant
Distribution des résultats
% des personnes avec chaque résultat
Percentile par nombre de réponses
Votre historique - résultats
Vous n’avez pas pris ce quiz